00232nam a2200097Ia 4500100001800000654002900018245003400047260002800081082001300109546001200122 aEdward Jones  aFox pro for 2.5. for dos aFox Pro 2.5 for Dos made easy bOsborneaNew Yorkc1993 a5.756511 aENGLISH